[Event "Regionalliga SW 1213"]
[Site "Bayern"]
[Date "2012.12.09"]
[Round "4.8"]
[White "Weinberger, Wolfgang"]
[Black "Eisfeld, Klaus"]
[Result "1-0"]
[WhiteElo "2039"]
[BlackElo "1791"]
[PlyCount "59"]
[EventDate "2012.10.14"]
[EventType "team-tourn"]
[EventRounds "9"]
[EventCountry "GER"]
[SourceTitle "EXT 2015"]
[Source "ChessBase"]
[SourceDate "2014.11.20"]
[SourceVersion "1"]
[SourceVersionDate "2014.11.20"]
[SourceQuality "1"]
[WhiteTeam "Garching II"]
[BlackTeam "Muenchen RTA"]
[WhiteTeamCountry "GER"]
[BlackTeamCountry "GER"]

1. d4 d5 2. c4 c6 3. Nc3 e6 4. cxd5 exd5 5. Qc2 Nf6 6. Bg5 Be7 7. e3 Be6 8. Bd3 h6 9. Bh4 0-0 10. Nge2 Qa5 11. 0-0 Qc7 12. Rac1 Nbd7 13. f3 Rfe8 14. Kh1 Rac8 15. Bf2 Bd6 16. Bg1 Qd8 17. e4 dxe4 18. fxe4 Be7 19. Nf4 Nb6 20. Nxe6 fxe6 21. e5 Nfd5 22. Bg6 Rf8 23. Rxf8+ Qxf8 24. Ne4 Qd8 25. Rf1 Qd7 26. Rf7 Rf8 27. Qf2 Rxf7 28. Qxf7+ Kh8 29. Nf6 Qc8 30. Ne8 1-0

[Event "Regionalliga SW 1112"]
[Site "Bayern"]
[Date "2011.10.02"]
[Round "1.4"]
[White "Sajka, Mariusz"]
[Black "Eisfeld, Klaus"]
[Result "1-0"]
[WhiteElo "2126"]
[BlackElo "1850"]
[PlyCount "103"]
[EventDate "2011.10.02"]
[EventType "team-tourn"]
[EventRounds "9"]
[EventCountry "GER"]
[SourceTitle "EXT 2013"]
[Source "ChessBase"]
[SourceDate "2012.11.22"]
[SourceVersion "1"]
[SourceVersionDate "2012.11.22"]
[SourceQuality "1"]
[WhiteTeam "Garching II"]
[BlackTeam "Muenchen RTA"]
[WhiteTeamCountry "GER"]
[BlackTeamCountry "GER"]

1. d4 d5 2. c4 e6 3. Nf3 Nf6 4. g3 Be7 5. Bg2 c6 6. 0-0 0-0 7. Qc2 Nbd7 8. Rd1 Ne4 9. Ne1 Nd6 10. Nd2 b6 11. e4 dxe4 12. Nxe4 Bb7 13. c5 Nxe4 14. Bxe4 Nf6 15. Bg2 Nd5 16. Nf3 bxc5 17. dxc5 Qa5 18. Ne5 Rad8 19. Bxd5 Rxd5 20. Rxd5 exd5 21. Be3 Qc7 22. Nf3 Bf6 23. Bd4 Bxd4 24. Nxd4 Re8 25. b4 Qe5 26. Rd1 a6 27. Qf5 g6 28. Qxe5 Rxe5 29. Kf1 Kf8 30. Re1 Rxe1+ 31. Kxe1 Ke7 32. Kd2 Kd7 33. Ke3 Ke7 34. Kf4 f6 35. g4 g5+ 36. Kg3 Kd8 37. h4 Kd7 38. hxg5 fxg5 39. Nf3 h6 40. Nd4 Bc8 41. Nf5 Ke6 42. Nxh6 Kf6 43. f4 Be6 44. a4 d4 45. Nf5 Bb3 46. Nxd4 Bxa4 47. fxg5+ Kxg5 48. Nf3+ Kf6 49. Kf4 Bb3 50. g5+ Kg7 51. Nd4 Bd5 52. Ke5 1-0

[Event "Regionalliga SW 0405"]
[Site "Bayern"]
[Date "2004.11.14"]
[Round "2.8"]
[White "Eisfeld, Klaus"]
[Black "Auterhoff, Juergen"]
[Result "1/2-1/2"]
[WhiteElo "1948"]
[BlackElo "1693"]
[PlyCount "45"]
[EventDate "2004.10.24"]
[EventType "team-tourn"]
[EventRounds "9"]
[EventCountry "GER"]
[SourceTitle "EXT 2007"]
[Source "ChessBase"]
[SourceDate "2006.11.23"]
[SourceVersion "1"]
[SourceVersionDate "2006.11.23"]
[SourceQuality "1"]
[WhiteTeam "Muenchen RTA"]
[BlackTeam "Pasing II"]
[WhiteTeamCountry "GER"]
[BlackTeamCountry "GER"]

1. c4 Nf6 2. g3 e5 3. Bg2 Nc6 4. e3 Be7 5. Ne2 0-0 6. 0-0 d6 7. d4 exd4 8. Nxd4 Nxd4 9. Qxd4 c6 10. Nc3 Be6 11. h3 Qc7 12. b3 Rfd8 13. Bb2 Qb6 14. Rfd1 Qxd4 15. Rxd4 Rd7 16. Rad1 Rad8 17. R4d2 d5 18. cxd5 Nxd5 19. Nxd5 Bxd5 20. Bxd5 Rxd5 21. Rxd5 Rxd5 22. Rxd5 cxd5 23. Kf1 1/2-1/2

[Event "Regionalliga SW 0405"]
[Site "Bayern"]
[Date "2004.10.24"]
[Round "1.8"]
[White "Schoenbauer, Max"]
[Black "Eisfeld, Klaus"]
[Result "1-0"]
[WhiteElo "1998"]
[BlackElo "1948"]
[PlyCount "123"]
[EventDate "2004.10.24"]
[EventType "team-tourn"]
[EventRounds "9"]
[EventCountry "GER"]
[SourceTitle "EXT 2007"]
[Source "ChessBase"]
[SourceDate "2006.11.23"]
[SourceVersion "1"]
[SourceVersionDate "2006.11.23"]
[SourceQuality "1"]
[WhiteTeam "Muenchen Tarrasch II"]
[BlackTeam "Muenchen RTA"]
[WhiteTeamCountry "GER"]
[BlackTeamCountry "GER"]

1. c4 c5 2. Nc3 Nc6 3. g3 g6 4. Bg2 Bg7 5. d3 e6 6. Nf3 Nge7 7. 0-0 0-0 8. Bf4 d5 9. Qc1 Re8 10. e4 d4 11. Na4 e5 12. Bh6 b6 13. Bxg7 Kxg7 14. a3 f6 15. Rb1 a5 16. Nh4 Rb8 17. f4 Bd7 18. b3 Rf8 19. Nf3 Qc7 20. Nb2 Rbe8 21. Qd2 exf4 22. gxf4 f5 23. e5 Nd8 24. b4 axb4 25. axb4 Ne6 26. b5 Bc8 27. Ra1 Bb7 28. Ra7 Rb8 29. h4 Nc8 30. Raa1 Ne7 31. Ng5 Nxg5 32. hxg5 Ra8 33. Bxb7 Qxb7 34. Qg2 Qxg2+ 35. Kxg2 h5 36. Ra4 Rxa4 37. Nxa4 Nc8 38. Ra1 Rf7 39. Nb2 Ra7 40. Ra6 Rxa6 41. bxa6 Kf7 42. Na4 Ke7 43. a7 Nxa7 44. Nxb6 Nc6 45. Na4 Nb4 46. Nxc5 Nc6 47. Kf3 Nb4 48. Ke2 Nc6 49. Nb3 Kd7 50. Nd2 Kc7 51. Nb3 Kd7 52. Nd2 Kc7 53. Nf3 Kb6 54. Nh4 Ne7 55. Kd2 Kc5 56. Kc2 Kb4 57. Kb2 Ka4 58. Nf3 Nc6 59. e6 Kb4 60. Nxd4 Kc5 61. Nf3 Kd6 62. d4 1-0

[Event "Passau op 8th"]
[Site "Passau"]
[Date "2000.04.23"]
[Round "5"]
[White "Eisfeld, Klaus"]
[Black "Polenz, Frederik"]
[Result "1/2-1/2"]
[WhiteElo "2220"]
[BlackElo "1930"]
[PlyCount "53"]
[EventDate "2000.04.21"]
[EventType "swiss"]
[EventRounds "7"]
[EventCountry "GER"]
[SourceTitle "CBM 076 Extra"]
[Source "ChessBase"]
[SourceDate "2000.07.11"]
[SourceVersion "1"]
[SourceVersionDate "2000.07.11"]
[SourceQuality "1"]

1. c4 c6 2. b3 Nf6 3. Bb2 g6 4. Nf3 Bg7 5. e3 0-0 6. Be2 d5 7. 0-0 Bg4 8. h3 Bxf3 9. Bxf3 Re8 10. cxd5 cxd5 11. d4 Nc6 12. a3 e5 13. dxe5 Nxe5 14. Be2 Ne4 15. Bd4 Rc8 16. Ra2 Re7 17. Rc2 Rec7 18. Rxc7 Qxc7 19. Bxe5 Qxe5 20. Bf3 Bf8 21. Bxe4 Bd6 22. g3 dxe4 23. Qd2 Qe6 24. Kg2 Be5 25. b4 Qf6 26. Qe2 h5 27. h4 1/2-1/2

[Event "Passau op 8th"]
[Site "Passau"]
[Date "2000.04.22"]
[Round "4"]
[White "Behnke, Michael"]
[Black "Eisfeld, Klaus"]
[Result "0-1"]
[WhiteElo "1730"]
[BlackElo "2220"]
[PlyCount "102"]
[EventDate "2000.04.21"]
[EventType "swiss"]
[EventRounds "7"]
[EventCountry "GER"]
[SourceTitle "CBM 076 Extra"]
[Source "ChessBase"]
[SourceDate "2000.07.11"]
[SourceVersion "1"]
[SourceVersionDate "2000.07.11"]
[SourceQuality "1"]

1. d4 Nf6 2. Nf3 c5 3. d5 d6 4. c4 b5 5. cxb5 a6 6. bxa6 Bxa6 7. Nc3 g6 8. e4 Bxf1 9. Kxf1 Nbd7 10. Qc2 Bg7 11. g3 0-0 12. Kg2 Ng4 13. b3 Qa5 14. Bb2 Rfc8 15. Nd2 Nb6 16. Nc4 Nxc4 17. bxc4 Rcb8 18. Nb5 Bxb2 19. Qxb2 Ne5 20. a4 Nxc4 21. Qe2 Nb6 22. Nc7 Ra7 23. Qb5 Qxb5 24. Nxb5 Rxa4 25. Nc3 Rc4 26. Rhc1 Rb4 27. Rcb1 Nd7 28. Ra7 Nf6 29. Rxb4 cxb4 30. Na4 b3 31. Nb2 Nxe4 32. Rxe7 Nf6 33. Kf3 Rb6 34. Ra7 Nxd5 35. Ke4 Nb4 36. Ra4 Na6 37. Kd4 Nc5 38. Rc4 Kf8 39. Kc3 Ke7 40. Rb4 Rxb4 41. Kxb4 Ke6 42. Kc4 Ke5 43. f3 f5 44. Nd1 h5 45. Nc3 f4 46. Nd1 g5 47. Kc3 fxg3 48. hxg3 h4 49. f4+ Ke6 50. fxg5 hxg3 51. Ne3 Kf7 0-1

[Event "Passau op 6th"]
[Site "Passau"]
[Date "1998.04.12"]
[Round "6"]
[White "Eisfeld, Klaus"]
[Black "Pollmueller, Michael"]
[Result "1/2-1/2"]
[WhiteElo "2230"]
[BlackElo "2042"]
[PlyCount "118"]
[EventDate "1998.04.10"]
[EventType "swiss"]
[EventRounds "7"]
[EventCountry "GER"]
[SourceTitle "EXT 1999"]
[Source "ChessBase"]
[SourceDate "1998.11.16"]
[SourceVersion "1"]
[SourceVersionDate "1998.11.16"]
[SourceQuality "1"]

1. c4 Nf6 2. g3 e5 3. Bg2 Nc6 4. Nc3 g6 5. e3 Bg7 6. Nge2 0-0 7. 0-0 Re8 8. d4 d6 9. b3 e4 10. h3 h5 11. Nf4 Bf5 12. Ba3 Qd7 13. Kh2 Nh7 14. Rc1 a5 15. c5 dxc5 16. Bxc5 Rac8 17. Qe2 Nb8 18. Rfd1 Na6 19. Ba3 Ng5 20. d5 Be5 21. Qb5 Qxb5 22. Nxb5 Bd7 23. Nd4 Bxd4 24. Rxd4 Bb5 25. h4 Nf3+ 26. Bxf3 exf3 27. Nh3 Rcd8 28. Ng1 Re5 29. Rcd1 Be2 30. R1d2 Rxe3 31. fxe3 f2 32. Rf4 f1Q 33. Rxf1 Bxf1 34. e4 Re8 35. Rd4 Bb5 36. Nf3 f6 37. Kg2 c5 38. dxc6 Bxc6 39. Nd2 f5 40. Kf3 Nc7 41. Rc4 Nb5 42. Bc5 fxe4+ 43. Kf4 Nc7 44. Ke3 Nd5+ 45. Kd4 e3 46. Ne4 Re6 47. Rc1 Ne7 48. Ng5 Nf5+ 49. Kc4 Re8 50. Re1 e2 51. Bf2 Bg2 52. Kd3 Bf1 53. Ne4 Rd8+ 54. Kc2 Rc8+ 55. Kb2 Nh6 56. Nd2 Ng4 57. Bd4 Nh2 58. a4 Rf8 59. Kc2 Nf3 1/2-1/2

[Event "Regionalliga SW 9596"]
[Site "Bayern"]
[Date "1996.??.??"]
[Round "?"]
[White "Englert, Berthold Georg"]
[Black "Eisfeld, Klaus"]
[Result "1/2-1/2"]
[WhiteElo "2080"]
[BlackElo "2260"]
[PlyCount "46"]
[EventDate "1995.10.??"]
[EventType "team-tourn"]
[EventRounds "9"]
[EventCountry "GER"]
[SourceTitle "EXT 1999"]
[Source "ChessBase"]
[SourceDate "1998.11.16"]
[SourceVersion "1"]
[SourceVersionDate "1998.11.16"]
[SourceQuality "1"]
[WhiteTeam "Garching"]
[BlackTeam "Muenchen RT"]
[WhiteTeamCountry "GER"]
[BlackTeamCountry "GER"]

1. d4 Nf6 2. c4 c5 3. d5 b5 4. Nd2 Qa5 5. e4 bxc4 6. Qc2 Ba6 7. Bxc4 Bxc4 8. Qxc4 d6 9. Ne2 g6 10. Nc3 Bg7 11. 0-0 0-0 12. Qe2 Nfd7 13. Nc4 Qa6 14. Re1 Ne5 15. Nxe5 Bxe5 16. Be3 Qxe2 17. Rxe2 Nd7 18. Rd1 Rab8 19. f4 Bg7 20. Bf2 Rb4 21. e5 Rxf4 22. Bg3 Rb4 23. exd6 Bd4+ 1/2-1/2

[Event "Regionalliga SW 9596"]
[Site "Bayern"]
[Date "1996.??.??"]
[Round "?"]
[White "Schmeidler, Martin"]
[Black "Eisfeld, Klaus"]
[Result "1-0"]
[WhiteElo "2075"]
[BlackElo "2075"]
[PlyCount "59"]
[EventDate "1995.10.??"]
[EventType "team-tourn"]
[EventRounds "9"]
[EventCountry "GER"]
[SourceTitle "EXT 1999"]
[Source "ChessBase"]
[SourceDate "1998.11.16"]
[SourceVersion "1"]
[SourceVersionDate "1998.11.16"]
[SourceQuality "1"]
[WhiteTeam "Obermenzing"]
[BlackTeam "Muenchen RT"]
[WhiteTeamCountry "GER"]
[BlackTeamCountry "GER"]

1. c4 c5 2. Nf3 g6 3. d4 cxd4 4. Nxd4 Bg7 5. e4 Nc6 6. Be3 Nf6 7. f3 d6 8. Nc3 0-0 9. Be2 Bd7 10. 0-0 a6 11. Qd2 Nxd4 12. Bxd4 Bc6 13. Qe3 Nd7 14. Bxg7 Kxg7 15. Nd5 b5 16. Nb4 Rc8 17. Nxc6 Rxc6 18. cxb5 axb5 19. Bxb5 Rc5 20. a4 Nf6 21. b4 Rc2 22. Rfc1 Qc7 23. Bd3 Rxc1+ 24. Rxc1 Qb7 25. b5 Ra8 26. Qd4 Qa7 27. Qxa7 Rxa7 28. b6 Rxa4 29. Rb1 Ra8 30. Bb5 1-0

[Event "Regionalliga SW 9596"]
[Site "Bayern"]
[Date "1995.??.??"]
[Round "?"]
[White "Antemia, Paul"]
[Black "Eisfeld, Klaus"]
[Result "1/2-1/2"]
[WhiteElo "2130"]
[BlackElo "2075"]
[PlyCount "124"]
[EventDate "1995.10.??"]
[EventType "team-tourn"]
[EventRounds "9"]
[EventCountry "GER"]
[SourceTitle "EXT 1999"]
[Source "ChessBase"]
[SourceDate "1998.11.16"]
[SourceVersion "1"]
[SourceVersionDate "1998.11.16"]
[SourceQuality "1"]
[WhiteTeam "Tuerkheim"]
[BlackTeam "Muenchen RT"]
[WhiteTeamCountry "GER"]
[BlackTeamCountry "GER"]

1. e4 e6 2. d4 d5 3. Nc3 dxe4 4. Nxe4 Nd7 5. Nf3 Ngf6 6. Bg5 Be7 7. Ng3 0-0 8. Bd3 b6 9. 0-0 Bb7 10. Qe2 c5 11. c3 Qc7 12. Ne5 Rfe8 13. Rac1 Rad8 14. Rfe1 cxd4 15. cxd4 Qd6 16. Nxd7 Qxd7 17. Be3 Qd5 18. f3 Rc8 19. Bc4 Qd6 20. Bf2 Rc7 21. Rcd1 Rec8 22. b3 Qa3 23. Ne4 Nxe4 24. fxe4 b5 25. Bd3 a6 26. Bb1 Rc1 27. d5 Rxd1 28. Rxd1 Rc1 29. dxe6 fxe6 30. Be3 Bc5 31. Rf1 Rxf1+ 32. Kxf1 Bxe3 33. Qxe3 Qd6 34. Qd3 Qxd3+ 35. Bxd3 e5 36. b4 Kf7 37. Kf2 Kf6 38. Kf3 Bc8 39. a3 g5 40. Bc2 Be6 41. g3 g4+ 42. Ke3 Bc4 43. Kd2 h5 44. Kc3 Kg5 45. a4 Kg6 46. axb5 axb5 47. Kd2 Kg5 48. Ke3 Kg6 49. Kf2 Kg5 50. Kg2 Kg6 51. h3 Be6 52. hxg4 hxg4 53. Bd3 Bd7 54. Kf2 Kg5 55. Be2 Be8 56. Ke3 Bd7 57. Kd2 Be8 58. Bd1 Bf7 59. Kc3 Be8 60. Bb3 Bd7 61. Bd5 Kf6 62. Kd3 Kg5 1/2-1/2

[Event "Regionalliga SW 9495"]
[Site "Bayern"]
[Date "1995.??.??"]
[Round "?.3"]
[White "Eisfeld, Klaus"]
[Black "Wolfsteiner, Helmut"]
[Result "0-1"]
[WhiteElo "2080"]
[BlackElo "2020"]
[PlyCount "94"]
[EventDate "1994.10.??"]
[EventType "team-tourn"]
[EventRounds "9"]
[EventCountry "GER"]
[SourceTitle "EXT 1999"]
[Source "ChessBase"]
[SourceDate "1998.11.16"]
[SourceVersion "1"]
[SourceVersionDate "1998.11.16"]
[SourceQuality "1"]
[WhiteTeam "Muenchen RT"]
[BlackTeam "Kriegshaber SK"]
[WhiteTeamCountry "GER"]
[BlackTeamCountry "GER"]

1. c4 e5 2. Nc3 Nc6 3. g3 g6 4. Bg2 Bg7 5. e3 d6 6. Nge2 Be6 7. b3 Nge7 8. 0-0 d5 9. d3 Qd7 10. e4 dxc4 11. dxc4 Nd4 12. Nd5 c6 13. Nxd4 exd4 14. Nxe7 Qxe7 15. Bb2 h5 16. f4 Bg4 17. Qd3 0-0-0 18. h3 Be6 19. f5 Bd7 20. f6 Bxf6 21. Rxf6 Qxf6 22. Bxd4 Qd6 23. Qe3 Rhg8 24. Bxa7 Be6 25. Bb6 Qd2 26. Qc5 Qb2 27. Rf1 Rd2 28. Rf2 Rxf2 29. Qxf2 Qxf2+ 30. Kxf2 f5 31. e5 g5 32. Bf1 Kd7 33. a4 h4 34. a5 hxg3+ 35. Kxg3 f4+ 36. Kf2 Rh8 37. Bd4 Rh7 38. b4 Bxh3 39. Bd3 Rh6 40. b5 Be6 41. a6 bxa6 42. bxa6 Rh2+ 43. Kg1 Ra2 44. a7 Kc7 45. Bc5 Kb7 46. Kf1 Ra5 47. Bd4 c5 0-1